| 000 | 00638nam a2200145Ia 4500 | ||
|---|---|---|---|
| 008 | 170221s9999 xx 000 0 und d | ||
| 100 | _aElmira R. Khairullina | ||
| 245 | 4 | _aThe Real and the Ideal Engineer-Technologist in the View of Employers and Educators | |
| 245 | _cElmira R. Khairullina, Liliia Yu. Makhotkina, Aida V. Kiryakova, Vladimir V. Baranov, Olga G. Maksimova, Elena G. Khrisanova, Olga F. Piralova, Alfiya R. Masalimova | ||
| 260 | _bInternational Review of Management and Marketing | ||
| 260 | _c2016 | ||
| 300 | _a6 : 1 | ||
| 650 | _xMarketing. | ||
| 856 | _uhttp://www.econjournals.com/index.php/irmm/issue/view/64 | ||
| 999 |
_c308585 _d308585 |
||